| 000 | 00000nam##2200000za#4500 |
| 001 | 9.558345 |
| 003 | CaOODSP |
| 005 | 20230131161132 |
| 007 | cr ||||||||||| |
| 008 | 150406|2003||||xxc|||||o f|0| 0 eng|d |
| 020 | |a0-662-33537-6 |
| 040 | |aCaOODSP|beng |
| 043 | |an-cn--- |
| 086 | 1 |aM44-2003/C15E-IN |
| 110 | 2 |aGeological Survey of Canada. |
| 245 | 10|aDeformation history and metamorphism of a synformal depression, Longstaff Bluff Formation metaturbidite, central Baffin Island, Nunavut / |h[electronic resource]|c[by] M.M. Allan and D.R.M. Pattison. |
| 260 | |aOttawa - Ontario : |bNatural Resources Canada. |cc2003. |
| 300 | |a13p.|bcoloured maps, figs., references, table, photographs |
| 490 | 1 |aCurrent research 2003|v2003-C15 |
| 546 | |a(Résumé en français.) |
| 590 | |a14-09-Supp|b2014-04-23 |
| 830 | #0|aCurrent research (Geological Survey of Canada)|v2003-C15|w(CaOODSP)9.506236 |
| 856 | 40|ahttp://publications.gc.ca|qPDF|s3.35 MB|uhttps://publications.gc.ca/collections/collection_2013/rncan-nrcan/M44-2003-C15-eng.pdf|y2003-C15 |